000 01041 a2200229 4500
999 _c6667
_d6667
020 _a0521780403 (hardback)
020 _a052178512X (pbk.)
050 0 0 _aP327. LAN 2001
100 1 _aLandau, Sidney I.
_eauthor
245 1 0 _aDictionaries :
_bthe art and craft of lexicography /
_cSidney I. Landau.
250 _a2nd ed.
264 _aNew York:
_bCambridge University press.,
_c2001
300 _axvi, 477 p. :
_bill., maps ;
500 _aIncludes bibliographical references (p. 464-468) and index.
504 _aIncludes bibliographical references (p. 464-468) and index.
650 0 _aLexicography.
650 0 _aEncyclopedias and dictionaries
_xHistory and criticism.
856 4 2 _3Publisher description
_uhttp://www.loc.gov/catdir/description/cam021/00064146.html
856 4 1 _3Table of contents
_uhttp://www.loc.gov/catdir/toc/cam022/00064146.html
942 _2lcc
_cREF
_h327
_iLAN
_kP